Các nước Nam Mỹ Tập 2

Cuốn sách giới thiệu về địa lý. tài nguyên, dân số và quá trình phát triển kinh tế, xã hội của các nước Nam Mỹ: CH hợp tác Guyana; Guyana thuộc Pháp; CH Paragoay; CH Pêru

Sparad:
Bibliografiska uppgifter
Övriga upphovsmän: Pêru
Materialtyp: Bok
Språk:Vietnamese
Publicerad: H. Sự thật 1979
Serie:Sách phổ thông kiến thức về giới
Ämnen:
Taggar: Lägg till en tagg
Inga taggar, Lägg till första taggen!
Thư viện lưu trữ: Mạng thư viện Đại học Đà Nẵng
LEADER 01322nam a2200373 4500
001 000008887
003 5080
005 20111021151030.0
008 111021s1979 viesd
020 |c 0.65đ 
041 0 |a vie 
082 |a 918  |b Nươ 
245 1 0 |a Các nước Nam Mỹ  |n Tập 2 
260 |a H.  |b Sự thật  |c 1979 
300 |a 119tr  |c 19cm 
490 |a Sách phổ thông kiến thức về giới 
504 |a Mục lục tr119 
520 |a Cuốn sách giới thiệu về địa lý. tài nguyên, dân số và quá trình phát triển kinh tế, xã hội của các nước Nam Mỹ: CH hợp tác Guyana; Guyana thuộc Pháp; CH Paragoay; CH Pêru 
653 |a Nam Mỹ 
653 |a Lịch sử 
653 |a Địa chí 
700 |a Pêru 
773 |t Các nước Nam Mỹ  |w 5076 
910 |a Thương  |d 21/10/2011 
OWN |a LSP 
AVA |a UDN50  |b LSP  |d 918 Nươ  |e available  |t Error 5001 Not defined in file expand_doc_bib_avail.  |f 3  |g 1  |h N  |i 0  |k 1 
999 |a From the UDN01 
AVA |a UDN50  |b LSP  |d 918 Nươ  |e available  |t Error 5001 Not defined in file expand_doc_bib_avail.  |f 3  |g 1  |h N  |i 0  |k 1 
TYP |a Monograph 
TYP |a Printed language 
980 |a Mạng thư viện Đại học Đà Nẵng